Biblioteca y Centro de Documentación

Evolution or revolution? (Registro nro. 51259)

Detalles MARC
000 -CABECERA
Longitud fija campo de control 01378nam a2200373 c 4500
001 - NÚMERO DE CONTROL
Número de control 51259
003 - IDENTIFICADOR DE NÚMERO DE CONTROL
Identificador del número de control ES-MaCES
005 - FECHA Y HORA DE LA ÚLTIMA TRANSACCIÓN
Fecha y hora de la última transacción 20201119110503.0
008 - CAMPO FIJO DE DESCRIPCIÓN FIJA--INFORMACIÓN GENERAL
Códigos de información de longitud fija   190603s2019 us 000 | eng d
020 ## - ISBN (INTERNATIONAL STANDARD BOOK NUMBER)
Número Internacional Normalizado para Libros (ISBN) 9780262039369 (hardcover)
040 ## - FUENTE DE CATALOGACIÓN
Centro catalogador de origen ES-MaCES
Lengua de catalogación spa
Centro transcriptor ES-MaCES
245 00 - MENCIÓN DE TÍTULO
Título Evolution or revolution?
Resto del título : rethinking macroeconomic policy after the Great Recession
Mención de responsabilidad, etc. edited by Olivier Blanchard and Lawrence H. Summers
260 ## - PUBLICACIÓN, DISTRIBUCIÓN, ETC (PIE DE IMPRENTA)
Lugar de publicación, distribución, etc. Cambridge (MA)
-- London
Nombre del editor, distribuidor, etc. The MIT Press
260 ## - PUBLICACIÓN, DISTRIBUCIÓN, ETC (PIE DE IMPRENTA)
Lugar de publicación, distribución, etc. [Washington, DC]
Nombre del editor, distribuidor, etc. PIIE, Peterson Institute for International Economics
Fecha de publicación, distribución, etc. [2019]
300 ## - DESCRIPCIÓN FÍSICA
Extensión XLIII, 342 p.
Otras características físicas gráf. bl. y n.
Dimensiones 24 cm
500 ## - NOTA GENERAL
Nota general Índices
541 ## - NOTA DE LA FUENTE INMEDIANTE DE ADQUISICIÓN
Forma de adquisición Compra
650 #4 - ASIENTO SECUNDARIO DE MATERIA--TÉRMINO DE MATERIA
Término de materia o nombre geográfico como elemento inicial macroeconomía
9 (RLIN) 27067
650 #4 - ASIENTO SECUNDARIO DE MATERIA--TÉRMINO DE MATERIA
Término de materia o nombre geográfico como elemento inicial política económica
9 (RLIN) 27025
650 #4 - ASIENTO SECUNDARIO DE MATERIA--TÉRMINO DE MATERIA
Término de materia o nombre geográfico como elemento inicial desigualdad económica
9 (RLIN) 29371
650 #4 - ASIENTO SECUNDARIO DE MATERIA--TÉRMINO DE MATERIA
Término de materia o nombre geográfico como elemento inicial política monetaria
9 (RLIN) 28101
650 #4 - ASIENTO SECUNDARIO DE MATERIA--TÉRMINO DE MATERIA
Término de materia o nombre geográfico como elemento inicial política fiscal
9 (RLIN) 28082
650 #4 - ASIENTO SECUNDARIO DE MATERIA--TÉRMINO DE MATERIA
Término de materia o nombre geográfico como elemento inicial política financiera
9 (RLIN) 28124
650 #4 - ASIENTO SECUNDARIO DE MATERIA--TÉRMINO DE MATERIA
Término de materia o nombre geográfico como elemento inicial crisis económica
9 (RLIN) 27102
650 #4 - ASIENTO SECUNDARIO DE MATERIA--TÉRMINO DE MATERIA
Término de materia o nombre geográfico como elemento inicial 2008
9 (RLIN) 31908
650 #4 - ASIENTO SECUNDARIO DE MATERIA--TÉRMINO DE MATERIA
Término de materia o nombre geográfico como elemento inicial análisis económico
9 (RLIN) 27070
653 10 - TÉRMINO DE INDEXACIÓN--NO CONTROLADO
Término no controlado Política económica
700 1# - ENCABEZAMIENTO SECUNDARIO--NOMBRE PERSONAL
9 (RLIN) 7829
Nombre de persona Blanchard, Olivier
Término indicativo de función ed. lit.
700 1# - ENCABEZAMIENTO SECUNDARIO--NOMBRE PERSONAL
9 (RLIN) 36436
Nombre de persona Summers, Lawrence H.
Término indicativo de función ed. lit.
710 1# - ENCABEZAMIENTO SECUNDARIO--NOMBRE CORPORATIVO
Nombre de entidad o nombre de jurisdicción como elemento inicial Massachusetts Institute of Technology
Término indicativo de función ed.
9 (RLIN) 4509
710 2# - ENCABEZAMIENTO SECUNDARIO--NOMBRE CORPORATIVO
Nombre de entidad o nombre de jurisdicción como elemento inicial Peterson Institute for International Economics
Término indicativo de función ed.
9 (RLIN) 39580
902 ## - CES. TIPO DE DOCUMENTO
Tipodoc (006$c Sirtex) LIB Libro
942 ## - ELEMENTOS KOHA
Fuente de clasificaión o esquema Clasificación propia del CES
Koha [por defecto] tipo de item Monografías
Parte de clasificación Economía
Existencias
Número de registro Signatura completa Tipo de item de Koha
091622 SG-0.0.-232 Monografías
© CES, Consejo Económico y Social de España 2021